Normal view
MARC view
- الخدمة الاجتماعية الطبية
Entry Topical Term
001 - CONTROL NUMBER
- control field: 39712
003 - CONTROL NUMBER IDENTIFIER
- control field: JO-AjAnu
005 - DATE AND TIME OF LATEST TRANSACTION
- control field: 20230606080613.0
008 - FIXED-LENGTH DATA ELEMENTS
- fixed length control field: 230606|| aca||aabn | a|a d
040 ## - CATALOGING SOURCE
- Original cataloging agency: JO-AjAnu
- Transcribing agency: JO-AjAnu
150 ## - HEADING--TOPICAL TERM
- Topical term or geographic name entry element: الخدمة الاجتماعية الطبية
670 ## - SOURCE DATA FOUND
- Source citation: Work cat.: (JO-AjAnu)20362: بشير، اقبال محمد / م.مشارك: سامية محمد فهمي، اقبال ابراهيم مخلوف, author 39711, الخدمة الاجتماعية في المجال الطبي التأهلي